Statistics for 04宮城県の市区町村(選択形式)

Click here to take the quiz!

General Stats

  • This quiz has been taken 14 times
  • The average score is 31 of 39

Answers on the Map

Answers color-coded by a green-red scale on the quiz's map according to % correct below.
 

Answer Stats

Answer% Correct
06:石巻市
100%
08:気仙沼市
100%
13:岩沼市
100%
14:登米市
100%
15:栗原市
100%
17:大崎市
100%
25:丸森町
100%
27:山元町
100%
38:女川町
100%
05:仙台市泉区
92%
18:富谷市
92%
26:亘理町
92%
39:南三陸町
92%
09:白石市
85%
16:東松島市
85%
29:七ヶ浜町
85%
35:加美町
85%
01:仙台市青葉区
77%
11:角田市
77%
12:多賀城市
77%
20:七ヶ宿町
77%
24:川崎町
77%
33:大衡村
77%
34:色麻町
77%
36:涌谷町
77%
02:仙台市宮城野区
69%
04:仙台市太白区
69%
07:塩竈市
69%
10:名取市
69%
19:蔵王町
69%
21:大河原町
69%
23:柴田町
69%
28:松島町
69%
31:大和町
69%
03:仙台市若林区
62%
22:村田町
62%
32:大郷町
62%
30:利府町
54%
37:美里町
54%

Score Distribution

Percentile by Number Answered

Percent of People with Each Score

Your Score History

You have not taken this quiz